[Event "TCh-RUS w Rapid 2017"]
[Site "Sochi RUS"]
[Date "2017.10.03"]
[Round "2.3"]
[Board "2"]
[White "Ovod, Evgenija"]
[Black "Vasilevich, Tatjana"]
[Result "0-1"]
[WhiteTitle "IM"]
[BlackTitle "IM"]
[WhiteElo "2379"]
[BlackElo "2360"]
[WhiteTeam "SDYUSSHOR ShSh (St. Petersburg)"]
[BlackTeam "Cimmeria (Republic of Crimea)"]
[WhiteFideId "4131827"]
[BlackFideId "14101610"]
[EventDate "2017.10.03"]

1. d4 Nf6 2. Bg5 Ne4 3. Bf4 d5 4. e3 e6 5. Bd3 c5 6. Bxe4 dxe4 7. Nc3 cxd4 8.
exd4 Bb4 9. Ne2 Nc6 10. Qd2 f5 11. O-O O-O 12. f3 exf3 13. Rxf3 e5 14. Bg5 Qb6
15. Nd5 Bxd2 16. Nxb6 axb6 17. Bxd2 exd4 18. Nf4 Ne5 19. Rg3 Bd7 20. Bb4 Rf7 21.
c3 Nc4 22. cxd4 Nxb2 23. a3 Nc4 24. Re1 Re8 25. Rxe8+ Bxe8 26. d5 Bd7 27. Kf2 h6
28. h4 Ne5 29. Ke3 Ng4+ 30. Kd4 g5 31. hxg5 hxg5 32. Ne6 Bxe6 33. dxe6 Rc7 34.
Kd5 Kg7 35. Rc3 Rxc3 36. Bxc3+ Kf8 37. Kd6 Ke8 38. Bb4 Ne3 39. Ke5 f4 40. Bc3
Nxg2 41. Kf5 Ne3+ 42. Kxg5 f3 43. Be1 Nd1 44. Kf4 f2 45. Bxf2 Nxf2 46. Ke5 Ke7
47. Kd5 Ng4 48. Kc4 Kd6 49. Kb5 Kc7 50. e7 Nf6 51. a4 Ne8 52. a5 bxa5 53. Kxa5
Kc6 54. Kb4 Kd7 55. Kc5 Kxe7 56. Kb6 Nd6 57. Kc5 b5 58. Kd4 0-1

[Event "TCh-RUS w Rapid 2017"]
[Site "Sochi RUS"]
[Date "2017.10.03"]
[Round "3.1"]
[Board "1"]
[White "Pogonina, Natalija"]
[Black "Charochkina, Daria"]
[Result "1/2-1/2"]
[WhiteTitle "WGM"]
[BlackTitle "IM"]
[WhiteElo "2466"]
[BlackElo "2321"]
[WhiteTeam "Ugra (Khanty-Mansi Autonomous District)"]
[BlackTeam "Cimmeria (Republic of Crimea)"]
[WhiteFideId "4147855"]
[BlackFideId "4180917"]
[EventDate "2017.10.03"]

1. d4 f5 2. c4 Nf6 3. Nc3 e6 4. Qc2 Bb4 5. e3 b6 6. Bd3 Bb7 7. f3 c5 8. Ne2 Nc6
9. a3 cxd4 10. exd4 Bd6 11. Be3 O-O 12. O-O Qb8 13. h3 Qd8 14. Qd2 Rc8 15. b4
Nh5 16. Bf2 Bb8 17. Kh1 Qc7 18. f4 Ne7 19. Be3 Rf6 20. Rf2 Rh6 21. Kg1 Rg6 22.
Kh2 Nf6 23. Ng1 Ne4 24. Nxe4 fxe4 25. Bf1 Nf5 26. Rc1 Rf8 27. Ne2 Qd8 28. g3 h5
29. Bg2 Rgf6 30. Kg1 h4 31. g4 Nxe3 32. Qxe3 g5 33. f5 R6f7 34. Bxe4 Bxe4 35.
Qxe4 exf5 36. gxf5 Re8 37. Qf3 Qf6 38. Rcf1 Rfe7 39. Rg2 Kf8 40. Qh5 Re3 41.
Rff2 Rxh3 42. Qxg5 Qxg5 43. Rxg5 Rxa3 44. Nf4 h3 45. Ng6+ Kf7 46. Ne5+ Bxe5 47.
dxe5 Rxe5 48. Kh2 Rae3 49. Rh5 Re2 50. Rxe2 Rxe2+ 51. Kxh3 Re3+ 52. Kg4 Kf6 53.
Rh6+ Ke5 54. Rh7 Kf6 55. Rh6+ Kg7 56. Rd6 Re4+ 57. Kg5 Rxc4 58. Rxd7+ Kf8 59.
Kf6 Rc6+ 60. Ke5 Rc4 61. Rxa7 Rxb4 62. Kf6 Kg8 63. Ra8+ Kh7 64. Rb8 Ra4 65. Rxb6
Ra8 66. Rb7+ Kh6 67. Kf7 Kh7 68. f6 Kh6 69. Re7 Kh7 70. Re8 Ra7+ 71. Ke6 Ra6+
72. Kf5 Ra5+ 73. Re5 Ra8 74. Re7+ Kh6 75. Ke6 Ra6+ 76. Kf7 Ra8 77. Re8 Ra7+ 78.
Re7 Ra8 79. Re8 1/2-1/2

[Event "TCh-RUS w Rapid 2017"]
[Site "Sochi RUS"]
[Date "2017.10.03"]
[Round "3.2"]
[Board "1"]
[White "Ambartsumova, Karina"]
[Black "Garifullina, Leya"]
[Result "1-0"]
[WhiteTitle "WGM"]
[BlackTitle "WCM"]
[WhiteElo "2359"]
[BlackElo "1936"]
[WhiteTeam "Rook (Republic of Tatarstan)"]
[BlackTeam "Basiki (Moscow region)"]
[WhiteFideId "4166299"]
[BlackFideId "34127035"]
[EventDate "2017.10.03"]

1. e4 c5 2. Nf3 d6 3. d4 cxd4 4. Nxd4 Nf6 5. Nc3 a6 6. Be3 Ng4 7. Bc1 Nf6 8. h3
e5 9. Nb3 Be6 10. Be3 Nc6 11. Qf3 Be7 12. O-O-O b5 13. g4 h6 14. Kb1 Qc7 15. g5
hxg5 16. Bxg5 Bxb3 17. axb3 Nd4 18. Qd3 b4 19. Bxf6 gxf6 20. Nd5 Qc5 21. Qc4 Ra7
22. Nxb4 a5 23. Qxc5 dxc5 24. Nd5 f5 25. c3 Nxb3 26. Kc2 Rb7 27. exf5 Bh4 28. f4
exf4 29. Nxf4 O-O 30. Bc4 Rfb8 31. Rhg1+ Kf8 32. Rg4 Bf6 33. Nd5 Be5 34. Rdg1
Na1+ 35. Kd3 Ke8 36. Rg8+ Kd7 37. Rxb8 Rxb8 38. Rxa1 Rxb2 39. Rxa5 Rh2 40. Ra7+
Ke8 41. f6 Kd8 42. Ke4 Bd6 43. Ra8+ Kd7 44. Bb5+ Ke6 45. Re8+ Be7 46. Rxe7+ Kd6
47. Rd7+ Ke6 48. Ra7 Kd6 49. Ra6# 1-0

[Event "TCh-RUS w Rapid 2017"]
[Site "Sochi RUS"]
[Date "2017.10.03"]
[Round "4.2"]
[Board "4"]
[White "Shafigullina, Zarina"]
[Black "Potapova, Margarita"]
[Result "1/2-1/2"]
[WhiteTitle "WFM"]
[BlackTitle "WFM"]
[WhiteElo "2117"]
[BlackElo "2163"]
[WhiteTeam "Rook (Republic of Tatarstan)"]
[BlackTeam "Cimmeria (Republic of Crimea)"]
[WhiteFideId "24174220"]
[BlackFideId "14126869"]
[EventDate "2017.10.03"]

1. d4 Nf6 2. Nf3 e6 3. g3 d5 4. Bg2 Be7 5. O-O O-O 6. c4 dxc4 7. Ne5 Nc6 8. Nxc6
bxc6 9. Nc3 Rb8 10. e4 c5 11. e5 Nd7 12. Qg4 f5 13. Qd1 Bb7 14. d5 Nxe5 15. Qe2
Bf6 16. dxe6 Bxg2 17. Kxg2 Qd6 18. Bf4 Qxe6 19. Bxe5 Bxe5 20. Rfe1 Rfe8 21. Qf3
Qf7 22. Rab1 Bd4 23. Rxe8+ Rxe8 24. Nd5 Re4 25. Nc3 Re8 26. h4 h6 27. Nd5 c6 28.
Nc3 Bxc3 29. bxc3 Qd5 30. Rb7 Rd8 31. Rxa7 Qxf3+ 32. Kxf3 Rd3+ 33. Ke2 Rxc3 34.
a4 Ra3 35. Kd2 Ra2+ 36. Kc3 Rxf2 37. a5 g5 38. hxg5 hxg5 39. a6 f4 40. gxf4 gxf4
41. Ra8+ Kg7 42. Re8 Ra2 43. Re4 Rxa6 44. Rxf4 Ra3+ 45. Kc2 Ra4 46. Kc3 Kg6 47.
Rxc4 Ra3+ 48. Kc2 Ra5 49. Rf4 Kg5 50. Rf8 Ra4 51. Kc3 Re4 52. Rf7 c4 53. Rf8 c5
54. Rc8 Kf4 55. Rxc5 1/2-1/2

[Event "TCh-RUS w Rapid 2017"]
[Site "Sochi RUS"]
[Date "2017.10.04"]
[Round "5.3"]
[Board "1"]
[White "Ubiennykh, Ekaterina"]
[Black "Garifullina, Leya"]
[Result "1/2-1/2"]
[WhiteTitle "WIM"]
[BlackTitle "WCM"]
[WhiteElo "2308"]
[BlackElo "1936"]
[WhiteTeam "DSTU (the Rostov region)"]
[BlackTeam "Basiki (Moscow region)"]
[WhiteFideId "4137582"]
[BlackFideId "34127035"]
[EventDate "2017.10.03"]

1. d4 Nf6 2. c4 e6 3. Nc3 Bb4 4. e3 b6 5. Ne2 Ba6 6. a3 Bxc3+ 7. Nxc3 d5 8. Be2
dxc4 9. O-O O-O 10. e4 Bb7 11. f3 Nbd7 12. Bg5 h6 13. Bh4 Qc8 14. Bxc4 c5 15.
Rc1 a6 16. e5 Nh7 17. Re1 cxd4 18. Qxd4 Qc5 19. Rcd1 b5 20. Bf1 Rfc8 21. Qxc5
Nxc5 22. Rd6 Nf8 23. Red1 Rc6 24. b4 Rxd6 25. Rxd6 Ncd7 26. f4 Rc8 27. Be1 Rc6
28. Rxc6 Bxc6 29. Kf2 g5 30. g3 Ng6 31. Ke3 gxf4+ 32. gxf4 Ne7 33. Bd3 Nd5+ 34.
Nxd5 Bxd5 35. Kd4 Bc6 36. h4 Kg7 37. Bd2 f5 38. Be2 Kf7 39. Be1 Bb7 40. Bf2 Be4
41. Kc3 Bc6 42. a4 Kg6 43. a5 h5 44. Kd4 Kh6 45. Bd1 Kg6 46. Bb3 Kf7 47. Be1 Bf3
48. Ke3 Bc6 49. Bc3 Bb7 50. Bd4 Bc6 51. Bb6 Bb7 52. Bd8 Bc6 53. Bd1 Kg6 54. Be2
Bb7 55. Bd1 Bd5 56. Kd4 Bc6 1/2-1/2